Responses for Show #8395 - Friday, May 7, 2021

Champion's winnings & consolation amounts matched to Media Fellowship House.

Contestants

[<< previous game]

Sara Biegler, a stay-at-home parent from Syracuse, New York

Juliet Mayer, a graduate student originally from The Plains, Virginia

Jamie Logan, a writer and consultant from Augusta, Maine (whose 2-day cash winnings total $50,200)

[next game >>]

Jeopardy! Round responses

A CINEMATIC WEDDING ABROAD
FINISH THE POETRY LINE
AMERICANA
CLICHÉS
SHEEP
JUST GOT REAL
    $200 2
Mamma Mia!

Jamie
    $200 12
a league

Juliet
    $200 1
conquers all

Juliet
    $200 8
a thief

Juliet
    $200 14
(Juliet: What is [**]?)
[Juliet was ruled incorrect and the decision was reversed after the break.]

Baa, baa, black sheep (Black sheep, black sheep)

JamieJuliet
    $200 26
popcorn

Jamie
    $400 4
The Sound of Music

Jamie
    $400 13
count the ways

Jamie
    $400 3
Annie Oakley

Juliet
    $400 20
a liar

Jamie
    $400 15
the Rams

Jamie
    $400 27
the International Space Station

Jamie
    $600 9
Crazy Rich Asians

Sara
    $600 19
deferred

Jamie
    $600 5
the Empire State Building

Jamie
    $600 21
the dump

Jamie
    $600 16
fleeced

Jamie
    $600 28
the Peace Corps

Sara
    $800 10
Pirates of the Caribbean

Sara
    $800 24
hold

Juliet
    $800 6
Hope

Triple Stumper
    $800 22
comforts

Sara
    $800 17
Handel

Jamie
    $800 29
Anglican

Jamie
    $1000 11
Muriel's Wedding

Juliet
    $1000 25
wait

Triple Stumper
    $1,200 7
Tombstone

Jamie
    $1000 23
a lease on life

Juliet
    $1000 18
electric sheep

Juliet
    $1000 30
transatlantic cable

Triple Stumper

Scores at the first commercial break (after clue 15):

Jamie Juliet Sara
$3,400 $2,200 $1,400

Scores at the end of the Jeopardy! Round:

Jamie Juliet Sara
$7,800 $5,000 $2,800

Double Jeopardy! Round responses

LAYING DOWN THE SCIENTIFIC LAW
ADJECTIVAL EVIDENCE
MONKS
WINDOWS & DOORS
PLAY THAT FOLKY MUSIC
A WHOPP"INGTON" OF A CITY
(Bill: The name of each city ends in "ington".)
    $400 26
Newton

Juliet
    $400 21
mammoth

Sara
    $400 1
mantra

Sara
    $400 11
a picture window

Juliet
    $400 4
the Grammy

Jamie
    $400 12
Washington, D.C.

Juliet
    $800 27
voltage

Juliet
    $800 22
callous

Triple Stumper
    $800 2
Dom Perignon

Jamie
    $800 17
a bay window

Jamie
    $800 6
Bob Dylan

Juliet
    $800 13
Arlington

Juliet
    $1200 28
Galileo

Juliet
    $1200 23
belligerent

Jamie
    $1200 3
a confessor

Juliet
    $1200 18
revolving doors

Jamie
    $1200 7
Woody Guthrie

Juliet
    $1200 14
Burlington

Sara
    $1600 29
Pierre Curie

Triple Stumper
    $1600 24
guttural

Sara
    $1600 5
Vietnamese

Juliet
    $1600 19
the mulberry bush

Jamie
    $1600 8
calypso

Jamie
    $2,900 15
Lexington

Sara
    $2000 30
(Edwin) Hubble

Juliet
    $2000 25
puckish

Sara
    $3,500 10
(Sara: Who is...)

Gregor Mendel

Sara
    $2000 20
rosettes (rose)

Jamie
    $2000 9
(John) Prine

Sara
    $2000 16
Wilmington

Jamie

Scores at the end of the Double Jeopardy! Round:

Jamie Juliet Sara
$19,400 $15,800 $9,800

[wagering suggestions for these scores]

Final Jeopardy! Round responses

SHAKESPEARE & HISTORY
(Bill: [To Juliet] [*], King of Scotland, had recently become King of England.)
SaraWho is
$4,500
JulietWho is James I?
$8,000
JamieWho is Macduff?
$12,201
James I of England (James VI of Scotland)

Final scores:

Jamie Juliet Sara
$7,199 $23,800 $5,300
2nd place: $2,000 New champion: $23,800 3rd place: $1,000

Game dynamics:

Coryat scores:

Jamie Juliet Sara
$19,200 $15,800 $12,000
24 R
(including 1 DD),
0 W
20 R,
0 W
11 R
(including 1 DD),
1 W
(including 1 DD)

Combined Coryat: $47,000

[game clues] [game scores] [suggest correction]

Game tape date: 2021-03-02
The J! Archive is created by fans, for fans. Scraping, republication, monetization, and malicious use prohibited; this site may use cookies and collect identifying information. See terms. The Jeopardy! game show and all elements thereof, including but not limited to copyright and trademark thereto, are the property of Jeopardy Productions, Inc. and are protected under law. This website is not affiliated with, sponsored by, or operated by Jeopardy Productions, Inc. Join the discussion at JBoard.tv.